Normal view
MARC view
Entry Personal Name
001 - CONTROL NUMBER
- control field: 87284
003 - CONTROL NUMBER IDENTIFIER
- control field: dpl
005 - DATE AND TIME OF LATEST TRANSACTION
- control field: 20260211123044.0
008 - FIXED-LENGTH DATA ELEMENTS
- fixed length control field: 260211|| aca||aabn | a|a d
040 ## - CATALOGING SOURCE
- Original cataloging agency: dpl
- Transcribing agency: dpl
100 ## - HEADING--PERSONAL NAME
- Personal name: शर्मा, विनयमोहन
670 ## - SOURCE DATA FOUND
- Source citation: Work cat.: (dpl)214793: शर्मा, विनयमोहन , शोध प्रविधि /, 2024
